[Event "VI. Karnevals-Open"]
[Site "Solingen"]
[Date "2015.02.13"]
[Round "1.1"]
[White "Kissing, Bastian"]
[Black "Jesse, Ingemars"]
[Result "0-1"]
[WhiteElo "1851"]
[BlackElo "2423"]
[PlyCount "78"]
[EventDate "2015.??.??"]
[WhiteTeam "SC Tornado Wuppertal"]
[BlackTeam "SG Bochum"]

1. e4 g6 2. d4 Bg7 3. Nf3 d6 4. Nc3 a6 5. h3 b5 6. Bd3 Bb7 7. Bg5 Nd7 8. Qe2 c5
9. Qe3 Rc8 10. O-O h6 11. Bh4 Ngf6 12. Rfe1 cxd4 13. Nxd4 O-O 14. a3 Ne5 15.
Bxf6 Bxf6 16. Nd5 Bg7 17. Rad1 Nxd3 18. Qxd3 e6 19. Nc3 Qc7 20. Qe3 Rfd8 21.
Re2 Kh7 22. g4 Qe7 23. Kh2 Rc4 24. Red2 Ba8 25. Nde2 Qb7 26. f4 b4 27. axb4
Qxb4 28. Qa7 Bb7 29. Ra1 Ra8 30. Qe3 Bc6 31. Qd3 Bxe4 32. Qxd6 Qxd6 33. Rxd6
Bxc2 34. Raxa6 Rxa6 35. Rxa6 Rb4 36. Ra2 Bb3 37. Ra7 Bc4 38. Kg3 Rxb2 39. Kf3
Rb3 0-1

[Event "VI. Karnevals-Open"]
[Site "Solingen"]
[Date "2015.02.13"]
[Round "1.2"]
[White "Coenen, Michael"]
[Black "Lukoviczki, Matyas"]
[Result "1-0"]
[WhiteElo "2404"]
[BlackElo "1846"]
[PlyCount "87"]
[EventDate "2015.??.??"]
[WhiteTeam "SG Hochneukirch"]
[BlackTeam "SG Kaarst"]

1. d4 Nf6 2. Bg5 c6 3. Bxf6 exf6 4. c3 d5 5. e3 Bd6 6. Bd3 f5 7. h4 h5 8. Nf3
Qe7 9. Qe2 Nd7 10. Bxf5 g6 11. Bd3 Nf6 12. Qc2 Bg4 13. Nbd2 O-O-O 14. O-O-O b5
15. Rde1 Qb7 16. Ng5 Nh7 17. Nxh7 Rxh7 18. e4 Bf4 19. Kb1 a5 20. Nb3 Qa7 21.
exd5 Rxd5 22. Nc5 Rxc5 23. dxc5 Qxc5 24. Re8+ Kd7 25. Re4 Bd6 26. f3 Be6 27.
Rd1 Kc7 28. Re2 Rh8 29. Bxg6 Qc4 30. b3 Qf4 31. Be4 a4 32. bxa4 Ra8 33. Qd2
Rxa4 34. Qxf4 Bxf4 35. Rd4 Bc4 36. Bd3 c5 37. Re7+ Kb6 38. Rdd7 Bxa2+ 39. Kb2
c4 40. Bc2 Ra5 41. Rxf7 Bh2 42. Rf6+ Kc5 43. Be4 b4 44. Rd5# 1-0

[Event "VI. Karnevals-Open"]
[Site "Solingen"]
[Date "2015.02.13"]
[Round "1.3"]
[White "Alexopoulos, Dr. Spiros"]
[Black "Seger, Rüdiger"]
[Result "0-1"]
[WhiteElo "1833"]
[BlackElo "2377"]
[PlyCount "92"]
[EventDate "2015.??.??"]
[WhiteTeam "Aachener SV"]
[BlackTeam "SG Trier"]

1. c4 Nf6 2. Nc3 d5 3. cxd5 Nxd5 4. g3 g6 5. Bg2 Nb6 6. Nf3 Bg7 7. O-O Nc6 8.
d3 O-O 9. Be3 e5 10. Qd2 Re8 11. Rac1 Nd4 12. Bg5 f6 13. Bh6 c6 14. Bxg7 Kxg7
15. e3 Nxf3+ 16. Bxf3 Be6 17. Rfd1 Qe7 18. b3 a5 19. Ne4 Bd5 20. Bg2 Red8 21.
Nc5 Bxg2 22. Kxg2 Nd5 23. e4 Nb4 24. a3 Na6 25. Qxa5 Nxc5 26. Qxc5 Qxc5 27.
Rxc5 Rxa3 28. Rc3 Rd4 29. Rd2 Ra1 30. Kf3 Rb1 31. Ra2 Rb4 32. Ra3 Rb2 33. h4
Kf7 34. g4 f5 35. g5 Rb1 36. Ra7 R1xb3 37. Rxc6 fxe4+ 38. Kg2 exd3 39. Rf6+ Ke7
40. Ra8 Rg4+ 41. Kh3 Rxh4+ 42. Kg2 Rg4+ 43. Kh2 Rf4 44. Rxf4 exf4 45. Ra2 Ke6
46. f3 Rc3 0-1

[Event "VI. Karnevals-Open"]
[Site "Solingen"]
[Date "2015.02.13"]
[Round "1.4"]
[White "Berg, Michael"]
[Black "Nguyen, Gia Huy Philipp"]
[Result "1-0"]
[WhiteElo "2264"]
[BlackElo "1832"]
[PlyCount "79"]
[EventDate "2015.??.??"]
[WhiteTeam "SG Solingen"]
[BlackTeam "SG Solingen"]

1. d4 d5 2. c4 e5 3. dxe5 d4 4. Nf3 Nc6 5. g3 Nge7 6. Bg2 Ng6 7. Bg5 Bb4+ 8.
Nbd2 Be7 9. Bxe7 Qxe7 10. O-O O-O 11. Nb3 Ngxe5 12. Nbxd4 Nxd4 13. Qxd4 Nxf3+
14. Bxf3 Bh3 15. Rfd1 Rfd8 16. Qc3 c6 17. e3 Qc5 18. Rd4 Qf5 19. Rad1 Re8 20.
Rf4 Qg6 21. Rfd4 Qf6 22. Bh1 Rab8 23. Qd2 h6 24. b4 a6 25. a3 Be6 26. Bg2 Qg5
27. c5 Bb3 28. Rb1 Be6 29. f4 Qe7 30. e4 Red8 31. Rd6 b6 32. Rd1 Rdc8 33. cxb6
Rxb6 34. e5 Bb3 35. Rd8+ Rxd8 36. Qxd8+ Qxd8 37. Rxd8+ Kh7 38. Rd6 Ba4 39. Be4+
g6 40. e6 1-0

[Event "VI. Karnevals-Open"]
[Site "Solingen"]
[Date "2015.02.13"]
[Round "1.5"]
[White "Suvorov, Alexander"]
[Black "Zolfagharian, Kevin"]
[Result "0-1"]
[WhiteElo "1823"]
[BlackElo "2182"]
[PlyCount "58"]
[EventDate "2015.??.??"]
[WhiteTeam "SG Porz"]
[BlackTeam "SG Solingen"]

1. d4 d5 2. Nf3 Nf6 3. c4 c6 4. Nc3 e6 5. g3 dxc4 6. Bg2 b5 7. O-O Bb7 8. Ne5
Qc7 9. Bf4 Bd6 10. a4 b4 11. Nb1 Nd5 12. e4 Nxf4 13. gxf4 Bxe5 14. dxe5 O-O 15.
a5 Rd8 16. Qc1 Qd7 17. Bf3 Ba6 18. Rd1 Qe7 19. Rxd8+ Qxd8 20. Qd2 Qd3 21. Be2
Qxd2 22. Nxd2 c3 23. Nc4 cxb2 24. Rb1 c5 25. f5 Nc6 26. fxe6 Nd4 27. exf7+ Kf8
28. Bf1 Bxc4 29. Bxc4 Nf3+ 0-1

[Event "VI. Karnevals-Open"]
[Site "Solingen"]
[Date "2015.02.13"]
[Round "1.6"]
[White "Heinert, Eugen"]
[Black "Meckel, Helmut"]
[Result "1-0"]
[WhiteElo "2154"]
[BlackElo "1793"]
[PlyCount "142"]
[EventDate "2015.??.??"]
[WhiteTeam "OSC Rheinhausen"]
[BlackTeam "SG Solingen"]

1. Nf3 d5 2. d4 Nf6 3. Bf4 Bg4 4. Ne5 Bh5 5. c4 e6 6. Qb3 Qc8 7. Nc3 c6 8. Rc1
Nbd7 9. e3 dxc4 10. Nxc4 Nd5 11. Nxd5 exd5 12. Na5 Nb6 13. Bd3 Be7 14. a4 O-O
15. O-O Rd8 16. Rc3 Bd6 17. Bg3 Bg6 18. Bxg6 hxg6 19. Rfc1 Bxg3 20. hxg3 Rd6
21. Qc2 Qd7 22. b4 a6 23. Qa2 Re8 24. Nb3 Re7 25. Nc5 Qf5 26. Qc2 Qxc2 27.
R1xc2 Rd8 28. b5 cxb5 29. axb5 a5 30. Ra2 Nc4 31. Nb3 b6 32. Nd2 Nd6 33. Rc6
Rb7 34. Rb2 a4 35. Ra2 Nxb5 36. Rxa4 Na7 37. Rc2 b5 38. Rb4 Rc8 39. Rxc8+ Nxc8
40. Nb3 Nd6 41. Nc1 Rc7 42. Rb1 Rc2 43. Nd3 Rd2 44. Nf4 Ne4 45. f3 Nc3 46. Rb3
Ne2+ 47. Nxe2 Rxe2 48. Kf1 Ra2 49. Rxb5 Ra3 50. Rb8+ Kh7 51. Re8 g5 52. g4 Kg6
53. Kf2 f6 54. Re7 Ra2+ 55. Kg3 Ra3 56. f4 Ra6 57. fxg5 fxg5 58. Re5 Rd6 59.
Kf3 Rd7 60. Rf5 Rd8 61. e4 dxe4+ 62. Kxe4 Re8+ 63. Re5 Rf8 64. Re6+ Kh7 65. d5
Rf4+ 66. Ke5 Rxg4 67. d6 Rxg2 68. d7 Rd2 69. Rd6 Re2+ 70. Kf5 g4 71. d8=Q Re5+
1-0

[Event "VI. Karnevals-Open"]
[Site "Solingen"]
[Date "2015.02.13"]
[Round "1.7"]
[White "Peters, Jens"]
[Black "Ljuboschiz, Dr. Alexander"]
[Result "1/2-1/2"]
[WhiteElo "1781"]
[BlackElo "2127"]
[PlyCount "93"]
[EventDate "2015.??.??"]
[WhiteTeam "SK Xanten"]
[BlackTeam "SV Würselen"]

1. e4 e5 2. Nf3 Nc6 3. d4 exd4 4. Bc4 Nf6 5. e5 Ng4 6. Qe2 Qe7 7. Bf4 d6 8.
exd6 Qxe2+ 9. Kxe2 Bxd6 10. Bxd6 cxd6 11. Rd1 Nge5 12. Nbd2 Bg4 13. h3 Bxf3+
14. gxf3 O-O 15. Bb5 Rac8 16. a3 d3+ 17. Bxd3 Nd4+ 18. Kf1 Nxc2 19. Bxc2 Rxc2
20. b4 Rfc8 21. Ne4 Nc4 22. Nxd6 Nxd6 23. Rxd6 g6 24. Rad1 R8c3 25. R6d3 Kg7
26. Kg2 Rc7 27. Rd7 h5 28. Rxc7 Rxc7 29. Rd4 Kf6 30. Kg3 Ke5 31. Re4+ Kd5 32.
Kf4 Kd6 33. Re3 f6 34. Rd3+ Ke6 35. Re3+ Kf7 36. Re4 Rc2 37. Rd4 Rc7 38. Re4
Rd7 39. Rc4 Re7 40. Rd4 g5+ 41. Kg3 Rc7 42. Re4 Kg6 43. Rd4 h4+ 44. Kg2 Re7 45.
f4 Rc7 46. fxg5 fxg5 47. Rd6+ 1/2-1/2

[Event "VI. Karnevals-Open"]
[Site "Solingen"]
[Date "2015.02.13"]
[Round "1.8"]
[White "Görke, Joachim"]
[Black "Suvorov, Luca"]
[Result "0-1"]
[WhiteElo "2124"]
[BlackElo "1757"]
[PlyCount "122"]
[EventDate "2015.??.??"]
[WhiteTeam "SG Solingen"]
[BlackTeam "SG Porz"]

1. d4 d5 2. c4 dxc4 3. e3 e5 4. Bxc4 exd4 5. exd4 Bd6 6. Nf3 Nf6 7. O-O O-O 8.
h3 h6 9. Nc3 Nc6 10. a3 Bf5 11. Be3 Qd7 12. Re1 a6 13. Rc1 Rad8 14. b4 Rfe8 15.
Bf1 Ne7 16. Ne5 Bxe5 17. dxe5 Nfd5 18. Bc4 Nxe3 19. Qxd7 Rxd7 20. Rxe3 Ng6 21.
g4 Be6 22. Bf1 Rd4 23. Bg2 c6 24. Ne2 Rd2 25. f4 Bd5 26. Be4 Bxe4 27. Rxe4 Red8
28. f5 Nh4 29. Rc3 Kf8 30. Rce3 R2d3 31. Kf2 Rxe3 32. Rxe3 g6 33. Kg3 g5 34.
Kf2 Rd1 35. Ng3 Rd2+ 36. Ne2 Rd1 37. Ng3 Rd2+ 38. Re2 Rd3 39. Nh5 Rxh3 40. Re4
Nxf5 41. gxf5 Rxh5 42. Rd4 Ke7 43. Rd6 g4 44. Rf6 Rh3 45. a4 h5 46. b5 cxb5 47.
axb5 axb5 48. Kg2 Re3 49. Rb6 Rxe5 50. f6+ Kd7 51. Rxb7+ Ke6 52. Rb6+ Kf5 53.
Kg3 Kg5 54. Kg2 Rf5 55. Kg3 h4+ 56. Kg2 Rxf6 57. Rxb5+ Rf5 58. Rb8 Ra5 59. Rb2
f5 60. Kh2 f4 61. Kg2 h3+ 0-1

[Event "VI. Karnevals-Open"]
[Site "Solingen"]
[Date "2015.02.13"]
[Round "1.9"]
[White "Runte, Dirk"]
[Black "Flesch, Dr. Stefan"]
[Result "0-1"]
[WhiteElo "1720"]
[BlackElo "2121"]
[PlyCount "84"]
[EventDate "2015.??.??"]
[WhiteTeam "Fideler Bauer Leverkusen"]
[BlackTeam "Düsseldorfer SK"]

1. e4 g6 2. d4 Bg7 3. Nc3 d6 4. Be2 a6 5. Be3 e6 6. h4 h6 7. h5 g5 8. Qd2 Ne7
9. f4 gxf4 10. Bxf4 Nbc6 11. Nf3 Nxd4 12. Nxd4 e5 13. Be3 exd4 14. Bxd4 Bxd4
15. Qxd4 Rh7 16. O-O-O Nc6 17. Qf2 Qg5+ 18. Kb1 Be6 19. Nd5 O-O-O 20. Rd3 Rg7
21. Bf3 Kb8 22. Rc3 Bxd5 23. exd5 Ne5 24. Qd4 Rdg8 25. a3 Qf5 26. Rh4 Rg3 27.
Be4 Qf1+ 28. Ka2 R3g4 29. Rxg4 Rxg4 30. Qa4 Qb5 31. Qxb5 axb5 32. Bf3 Rg5 33.
Rb3 Nxf3 34. Rxf3 f5 35. g3 Rxh5 36. Kb3 Ka7 37. c4 Kb6 38. Kb4 bxc4 39. Kxc4
Rg5 40. Rb3+ Ka6 41. Rf3 b5+ 42. Kd4 Kb6 0-1

[Event "VI. Karnevals-Open"]
[Site "Solingen"]
[Date "2015.02.13"]
[Round "1.10"]
[White "Kolthoff, Siegmund"]
[Black "Falge, Rainer"]
[Result "1-0"]
[WhiteElo "2091"]
[BlackElo "1715"]
[PlyCount "40"]
[EventDate "2015.??.??"]
[WhiteTeam "BW Buchholz"]
[BlackTeam "SG Solingen"]

1. Nf3 d6 2. d4 Nf6 3. c4 g6 4. Nc3 Bg7 5. e4 O-O 6. Be2 Nbd7 7. O-O e5 8. Re1
exd4 9. Nxd4 Ne5 10. f4 Nc6 11. Be3 Re8 12. Bf3 Nxd4 13. Bxd4 Be6 14. Qd3 Qd7
15. Rad1 Re7 16. b3 Rae8 17. c5 Bg4 18. Bxf6 Bxf6 19. Nd5 Bg7 20. Nxe7+ Qxe7
1-0

[Event "VI. Karnevals-Open"]
[Site "Solingen"]
[Date "2015.02.13"]
[Round "1.11"]
[White "Lechner, Alexander"]
[Black "Siemes, Robert"]
[Result "0-1"]
[WhiteElo "1691"]
[BlackElo "2080"]
[PlyCount "76"]
[EventDate "2015.??.??"]
[WhiteTeam "SG Porz"]
[BlackTeam "Ratinger SK"]

1. e4 c5 2. Nf3 d6 3. d4 cxd4 4. Nxd4 Nf6 5. Nc3 a6 6. Be3 e5 7. Nb3 Be6 8. Qd2
Be7 9. f3 O-O 10. g4 d5 11. exd5 Nxd5 12. Nxd5 Bh4+ 13. Bf2 Bxf2+ 14. Kxf2 Bxd5
15. Rd1 Qh4+ 16. Ke3 Nc6 17. Bd3 Rad8 18. Qf2 Qg5+ 19. Ke2 Rfe8 20. Nd2 Nd4+
21. Ke1 Nxf3+ 22. Nxf3 Qxg4 23. Be2 Qb4+ 24. Kf1 e4 25. Ng5 e3 26. Qf5 Bxh1 27.
Qxf7+ Kh8 28. Rxd8 Rxd8 29. Ne6 Rg8 30. Qh5 Qe4 31. Qh3 Bg2+ 32. Qxg2 Qxe6 33.
b3 Qf5+ 34. Kg1 Qxc2 35. Bc4 Qxg2+ 36. Kxg2 Rf8 37. a4 a5 38. h3 g5 0-1

[Event "VI. Karnevals-Open"]
[Site "Solingen"]
[Date "2015.02.13"]
[Round "1.12"]
[White "Bub, Volker"]
[Black "Pitz, Marko"]
[Result "1-0"]
[WhiteElo "2079"]
[BlackElo "1688"]
[PlyCount "67"]
[EventDate "2015.??.??"]
[WhiteTeam "SC Tornado Hochneukirch"]
[BlackTeam "Greifswalder SV"]

1. Nf3 f5 2. d3 Nf6 3. g3 e6 4. Bg2 Bc5 5. O-O O-O 6. c4 a6 7. Nc3 d6 8. d4 Ba7
9. Qd3 Nc6 10. a3 Rb8 11. Bg5 Qe8 12. Bxf6 Rxf6 13. e4 e5 14. dxe5 dxe5 15. Nd5
Rf7 16. Ng5 f4 17. c5 Be6 18. Nxf7 Qxf7 19. b4 Rd8 20. Rad1 Nd4 21. gxf4 c6 22.
fxe5 cxd5 23. Qxd4 Qg6 24. Rd3 Rf8 25. Rg3 Qh5 26. exd5 Rd8 27. Qc4 Bd7 28. d6+
Kh8 29. e6 Bb5 30. Qd4 Qh6 31. Re1 Qf6 32. Qxf6 gxf6 33. d7 Bb8 34. e7 1-0

[Event "VI. Karnevals-Open"]
[Site "Solingen"]
[Date "2015.02.13"]
[Round "1.13"]
[White "Schütz, Samson"]
[Black "Lindam, Ingo"]
[Result "0-1"]
[WhiteElo "1687"]
[BlackElo "2064"]
[PlyCount "80"]
[EventDate "2015.??.??"]
[WhiteTeam "Fideler Bauer Leverkusen"]
[BlackTeam "Kölner SK Dr. Lasker"]

1. d4 Nf6 2. c4 g6 3. Nc3 Bg7 4. e4 d6 5. Nf3 O-O 6. Be2 Na6 7. O-O e5 8. Bg5
h6 9. Bh4 Qe8 10. a3 exd4 11. Bxf6 Bxf6 12. Nxd4 c6 13. Bf3 Nc5 14. Nb3 Be6 15.
Nxc5 dxc5 16. Qe2 Bd4 17. e5 f5 18. exf6 Qf7 19. Rfe1 Bxc4 20. Qc2 Bb3 21. Qd3
Rad8 22. Qd2 g5 23. Ne4 Qg6 24. Qe2 Bf7 25. Rad1 Rfe8 26. Qc2 g4 27. Rd3 gxf3
28. Rxf3 Kh8 29. Rg3 Qxf6 30. Qc1 Rxe4 31. Rxe4 Bxf2+ 32. Kh1 Bxg3 33. hxg3 Qg5
34. Qc3+ Kh7 35. Rf4 Bg6 36. Qc4 Qd5 37. Qxd5 cxd5 38. Ra4 a6 39. Ra5 Rc8 40.
Kh2 Bf7 0-1

[Event "VI. Karnevals-Open"]
[Site "Solingen"]
[Date "2015.02.13"]
[Round "1.14"]
[White "Probst, Andreas"]
[Black "Müller, Adrian"]
[Result "1/2-1/2"]
[WhiteElo "2041"]
[BlackElo "1660"]
[PlyCount "120"]
[EventDate "2015.??.??"]
[WhiteTeam "Düsseldorfer SK"]
[BlackTeam "Fideler Bauer Leverkusen"]

1. d4 Nf6 2. c4 g6 3. g3 Bg7 4. Bg2 O-O 5. Nc3 d6 6. Nf3 Nbd7 7. O-O e5 8. e4
c6 9. h3 Qc7 10. Be3 b6 11. Qd2 Re8 12. Rfe1 Bb7 13. Rad1 Rad8 14. Bh6 Bh8 15.
d5 cxd5 16. cxd5 Rc8 17. Rc1 Qb8 18. Bf1 a6 19. Qe3 b5 20. b4 Rc7 21. Nh4 Nh5
22. Be2 Nhf6 23. g4 Bg7 24. Kh2 Bxh6 25. Qxh6 Qa7 26. Kg1 Rec8 27. g5 Ne8 28.
Bg4 Rxc3 29. Rxc3 Rxc3 30. Bxd7 Ng7 31. Bg4 Qd4 32. Nf3 Qxb4 33. Re2 Bc8 34.
Nh2 Qc5 35. Bxc8 Qxc8 36. Ng4 Nh5 37. Nf6+ Nxf6 38. gxf6 Qf8 39. Qh4 Qd8 40.
Kg2 h5 41. f4 exf4 42. Qxf4 Qc8 43. Re3 Rxe3 44. Qxe3 Qe8 45. Qf4 Qb8 46. h4
Kh7 47. Qc1 b4 48. Qc4 a5 49. e5 dxe5 50. d6 Qb7+ 51. Kf2 Qd7 52. Ke1 Kg8 53.
Qc7 Qh3 54. d7 Qe3+ 55. Kd1 Qd3+ 56. Kc1 Qe3+ 57. Kc2 Qe2+ 58. Kb3 Qd1+ 59. Kb2
Qd2+ 60. Kb1 Qd1+ 1/2-1/2

[Event "VI. Karnevals-Open"]
[Site "Solingen"]
[Date "2015.02.13"]
[Round "1.15"]
[White "Pan, Yun"]
[Black "Schaum, Moritz"]
[Result "0-1"]
[WhiteElo "1646"]
[BlackElo "2036"]
[PlyCount "112"]
[EventDate "2015.??.??"]
[WhiteTeam "Fideler Bauer Leverkusen"]
[BlackTeam "SF Erkelenz"]

1. e4 c5 2. Nf3 Nc6 3. d4 cxd4 4. Nxd4 Nf6 5. Nc3 e5 6. Ndb5 d6 7. Bg5 a6 8.
Na3 b5 9. Nd5 Be7 10. Bxf6 Bxf6 11. c3 O-O 12. Nc2 Bg5 13. a4 bxa4 14. Rxa4 a5
15. Bc4 Rb8 16. Qa1 Kh8 17. O-O f5 18. exf5 Bxf5 19. Nce3 Be6 20. Re1 Qc8 21.
Re2 Bd8 22. Qd1 Qb7 23. Qc2 Qf7 24. Ra1 Bb6 25. Nxb6 Rxb6 26. Bxe6 Qxe6 27. Rd1
Nd8 28. Nd5 Rc6 29. Qa4 Rc5 30. Nb6 Rf7 31. Red2 Nb7 32. b4 Rxc3 33. bxa5 Rb3
34. Nc4 Nc5 35. Rxd6 Qf5 36. Rd8+ Rf8 37. Rxf8+ Qxf8 38. Qa1 e4 39. Nd6 Rd3 40.
Rxd3 exd3 41. a6 Nb3 42. Qc3 d2 43. Qxb3 Qxd6 44. Qd1 Qxa6 45. g3 Qd3 46. Kg2
h6 47. h4 Qe4+ 48. f3 Qe1 49. Qc2 d1=Q 50. Qc8+ Kh7 51. Qf5+ Kg8 52. Qc8+ Kf7
53. Qc4+ Qe6 54. Qc7+ Kg8 55. Qb8+ Kh7 56. h5 Qd2+ 0-1

[Event "VI. Karnevals-Open"]
[Site "Solingen"]
[Date "2015.02.13"]
[Round "1.16"]
[White "Bosbach, Jens"]
[Black "Gula, Julian"]
[Result "1-0"]
[WhiteElo "2013"]
[BlackElo "1632"]
[PlyCount "81"]
[EventDate "2015.??.??"]
[WhiteTeam "Langenfelder SF"]
[BlackTeam "SF Düsseldorf-Süd"]

1. d4 Nf6 2. Nf3 g6 3. c4 Bg7 4. e3 O-O 5. Nc3 d6 6. Be2 Nbd7 7. O-O e5 8. b3
c6 9. Bb2 Qc7 10. Rc1 h6 11. d5 c5 12. Nb5 Qb8 13. a4 Ne4 14. Nd2 Nxd2 15. Qxd2
f5 16. f3 a6 17. Nc3 Nf6 18. Nd1 Bd7 19. Nf2 b6 20. Bc3 g5 21. Kh1 f4 22. Ne4
Qe8 23. Nxd6 Qe7 24. Ne4 Nxe4 25. fxe4 Kh7 26. exf4 gxf4 27. Qd1 Qg5 28. Be1
Rg8 29. Bf3 Bf6 30. Qe2 Be8 31. Rc2 h5 32. Qd1 Bf7 33. a5 bxa5 34. Bxa5 h4 35.
b4 cxb4 36. Bxb4 h3 37. Rg1 Qh6 38. c5 Rg5 39. gxh3 Rxg1+ 40. Qxg1 Rg8 41. Qf1
1-0

[Event "VI. Karnevals-Open"]
[Site "Solingen"]
[Date "2015.02.13"]
[Round "1.17"]
[White "Vishanji, Franz"]
[Black "Herzum, Peter"]
[Result "0-1"]
[WhiteElo "1621"]
[BlackElo "1998"]
[PlyCount "52"]
[EventDate "2015.??.??"]
[WhiteTeam "SV Turm Drolshagen"]
[BlackTeam "Düsseldorfer SK"]

1. e4 c5 2. Nf3 e6 3. d4 cxd4 4. Nxd4 a6 5. Nc3 Qc7 6. a3 Nf6 7. Be2 b5 8. O-O
Bb7 9. Bf3 d6 10. Re1 Nbd7 11. Bg5 Be7 12. Bxf6 Nxf6 13. Qd2 O-O 14. Rad1 Rfd8
15. Qe3 Nd7 16. Nde2 Rac8 17. Ng3 Nb6 18. Be2 Bf8 19. Bf1 g6 20. e5 d5 21. Qg5
Bg7 22. Rd4 Nd7 23. Nh5 gxh5 24. Re3 Nxe5 25. Rg3 Ng6 26. Bd3 Bxd4 0-1

[Event "VI. Karnevals-Open"]
[Site "Solingen"]
[Date "2015.02.13"]
[Round "1.18"]
[White "Nixdorf, Andre"]
[Black "Tanz, Manfred"]
[Result "1-0"]
[WhiteElo "1998"]
[BlackElo "1608"]
[PlyCount "138"]
[EventDate "2015.??.??"]
[WhiteTeam "SK Norderstedt"]
[BlackTeam "SV Hilden"]

1. e4 c5 2. Nf3 d6 3. d4 cxd4 4. Nxd4 Nf6 5. Nc3 g6 6. Be3 Bg7 7. Bc4 O-O 8. f3
a6 9. Bb3 Nc6 10. Qd2 Na5 11. O-O-O Nxb3+ 12. Nxb3 b5 13. e5 Ne8 14. Bf4 Bb7
15. Rhe1 Rc8 16. Ne4 Bxe4 17. Rxe4 f5 18. Re3 Rc4 19. Re2 Qb8 20. exd6 exd6 21.
Qd5+ Kh8 22. Bxd6 Nxd6 23. Qxd6 Qc8 24. Qd7 Qb8 25. Re7 Rg8 26. g3 Qb6 27. Re8
Qf6 28. Rxg8+ Kxg8 29. Qd8+ Qxd8 30. Rxd8+ Kf7 31. Rd7+ Kf8 32. a3 Rc6 33. c3
h5 34. Kd2 Bh6+ 35. f4 Ke8 36. Rd5 Bf8 37. Nd4 Rd6 38. Rxd6 Bxd6 39. Kd3 h4 40.
c4 b4 41. axb4 Bxb4 42. gxh4 Kd7 43. h5 gxh5 44. Nxf5 Bf8 45. Ne3 a5 46. b3 Kd6
47. h3 Kc6 48. Nd5 Bg7 49. f5 Kd6 50. Ke4 Bh6 51. Nf6 h4 52. Nd5 Bg5 53. Kd4
Bd8 54. Nf4 Bf6+ 55. Ke4 Bg5 56. Nd3 Bf6 57. Kf4 Kc6 58. Kg4 Kd6 59. Kh5 Ke7
60. Kg6 Bc3 61. Nc5 Bf6 62. Ne4 Bd4 63. f6+ Bxf6 64. Nxf6 Kd6 65. Ne4+ Ke5 66.
c5 Kxe4 67. c6 Kd4 68. c7 Kc3 69. c8=Q+ Kxb3 1-0

[Event "VI. Karnevals-Open"]
[Site "Solingen"]
[Date "2015.02.13"]
[Round "1.20"]
[White "Coenen, Siegfried"]
[Black "Breuer, Leon"]
[Result "1/2-1/2"]
[WhiteElo "1992"]
[BlackElo "1587"]
[PlyCount "102"]
[EventDate "2015.??.??"]
[WhiteTeam "SG Hochneukirch"]
[BlackTeam "SK Xanten"]

1. e4 e6 2. d4 d5 3. Nd2 Nf6 4. e5 Nfd7 5. c3 c5 6. Bd3 Nc6 7. Ne2 f6 8. exf6
Nxf6 9. O-O Qb6 10. Nf3 Bd7 11. Re1 O-O-O 12. Ng5 Re8 13. Nf7 Rg8 14. Qc2 Be7
15. Bf4 Nd8 16. Ng5 Rh8 17. c4 Nc6 18. Nf7 Rhf8 19. Nd6+ Bxd6 20. Bxd6 Nxd4 21.
Nxd4 Qxd6 22. cxd5 exd5 23. Nb5 Bxb5 24. Bxb5 Rxe1+ 25. Rxe1 a6 26. Qf5+ Kb8
27. Re6 Qd8 28. Be2 Qc8 29. Qe5+ Ka7 30. Bf3 h6 31. h3 Rd8 32. Re7 Rd7 33. Qe6
Qc6 34. Qf7 Rxe7 35. Qxe7 g5 36. g3 Ne4 37. Qe5 Qf6 38. Qxf6 Nxf6 39. Be2 Kb6
40. Kg2 Kc6 41. h4 Kd6 42. hxg5 hxg5 43. f4 gxf4 44. gxf4 Ke6 45. Kf3 d4 46.
Bc4+ Kf5 47. Bd3+ Ke6 48. Bc4+ Kd6 49. a4 Nd5 50. Ke4 Ne3 51. Be2 Ke6 1/2-1/2

[Event "VI. Karnevals-Open"]
[Site "Solingen"]
[Date "2015.02.13"]
[Round "1.21"]
[White "Sewald, Kathrin"]
[Black "Ramien, David"]
[Result "0-1"]
[WhiteElo "1542"]
[BlackElo "1987"]
[PlyCount "70"]
[EventDate "2015.??.??"]
[WhiteTeam "SG Porz"]
[BlackTeam "SG Porz"]

1. e4 g6 2. d4 Bg7 3. c3 d6 4. Bd3 Nf6 5. h3 O-O 6. Ne2 e5 7. Be3 Nc6 8. a3 d5
9. exd5 Nxd5 10. O-O Nxe3 11. fxe3 Qg5 12. Rf3 Be6 13. Be4 f5 14. Rg3 Qh4 15.
Bxc6 bxc6 16. Nd2 f4 17. exf4 exf4 18. Rf3 Rae8 19. Rf2 g5 20. Nf3 Qh5 21. Nh2
Bc4 22. Ng4 Qg6 23. b3 Bd3 24. Nc1 Bf5 25. Nh2 Re3 26. Na2 Rfe8 27. Nf3 Qh5 28.
Qf1 Bd3 29. Qc1 g4 30. hxg4 Qxg4 31. Qd2 Rxf3 32. Rxf3 Re2 33. Rf2 Rxd2 34.
Rxd2 f3 35. Nb4 Bxd4+ 0-1

[Event "VI. Karnevals-Open"]
[Site "Solingen"]
[Date "2015.02.13"]
[Round "1.22"]
[White "Speck, Stefan"]
[Black "Breuer, Cindy"]
[Result "1-0"]
[WhiteElo "1984"]
[BlackElo "1495"]
[PlyCount "45"]
[EventDate "2015.??.??"]
[WhiteTeam "SC Solingen 28"]
[BlackTeam "SK Xanten"]

1. d4 c6 2. c4 d5 3. Nf3 Bg4 4. Ne5 Nf6 5. Nxg4 Nxg4 6. e4 Nf6 7. e5 Nfd7 8.
Qb3 Qb6 9. Be3 e6 10. Nc3 Qxb3 11. axb3 Bb4 12. Be2 O-O 13. O-O Na6 14. cxd5
cxd5 15. Bxa6 bxa6 16. Rxa6 Rfb8 17. Rc1 Be7 18. Na4 Rxb3 19. Rc7 Nb8 20. Rc8+
Bf8 21. Rd6 h6 22. Rdd8 Kh7 23. Rxf8 1-0

[Event "VI. Karnevals-Open"]
[Site "Solingen"]
[Date "2015.02.13"]
[Round "1.23"]
[White "Barche, Uwe"]
[Black "Krüger, Till"]
[Result "0-1"]
[WhiteElo "1457"]
[BlackElo "1973"]
[PlyCount "46"]
[EventDate "2015.??.??"]
[WhiteTeam "SG Solingen"]
[BlackTeam "SC Nidderau"]

1. c4 Nf6 2. g3 g6 3. Nc3 Bg7 4. Bg2 O-O 5. e4 d6 6. Nge2 e5 7. O-O c6 8. d3
Na6 9. Rb1 Nc7 10. a4 a5 11. b3 d5 12. exd5 cxd5 13. d4 Bf5 14. Ba3 exd4 15.
Nxd4 Bxb1 16. Bxf8 Kxf8 17. Nxb1 Qd7 18. Na3 dxc4 19. bxc4 Rd8 20. Nac2 Nfe8
21. Bxb7 Bxd4 22. Qf3 Bg7 23. Bc6 Qd3 0-1

[Event "VI. Karnevals-Open"]
[Site "Solingen"]
[Date "2015.02.13"]
[Round "1.24"]
[White "Rosenauer, Horst"]
[Black "Kuehn, Patrick"]
[Result "0-1"]
[WhiteElo "1963"]
[BlackElo "1763"]
[PlyCount "42"]
[EventDate "2015.??.??"]
[WhiteTeam "Bergische SF"]
[BlackTeam "SG Hochneukirch"]

1. e4 c5 2. Nf3 d6 3. d4 cxd4 4. Nxd4 Nf6 5. Nc3 g6 6. Be2 Bg7 7. Be3 Nc6 8.
Qd2 O-O 9. f3 d5 10. O-O-O dxe4 11. Nxc6 Qxd2+ 12. Rxd2 bxc6 13. Nxe4 Nd5 14.
Bg5 f6 15. c4 fxg5 16. cxd5 cxd5 17. Rxd5 Be6 18. Ra5 Rfc8+ 19. Kb1 Rab8 20. b3
Bxb3 21. Rb5 Bc2+ 0-1

[Event "VI. Karnevals-Open"]
[Site "Solingen"]
[Date "2015.02.13"]
[Round "1.25"]
[White "Winand, Michael"]
[Black "Pauls, Wilhelm"]
[Result "0-1"]
[WhiteElo "1675"]
[BlackElo "1956"]
[PlyCount "42"]
[EventDate "2015.??.??"]
[WhiteTeam "Aachener SV"]
[BlackTeam "SG Kaarst"]

1. e4 e5 2. Nf3 Nc6 3. Bb5 Bc5 4. O-O Nf6 5. c3 O-O 6. Re1 d6 7. h3 Bb6 8. d3
Ne7 9. d4 exd4 10. cxd4 c6 11. Bd3 Ng6 12. Nc3 Nh5 13. Ne2 h6 14. e5 dxe5 15.
dxe5 Be6 16. Qc2 Nh4 17. Nh2 Qd5 18. Be4 Qxe5 19. Ng3 Qxg3 20. Be3 Bxe3 21.
Rxe3 Qg5 0-1

[Event "VI. Karnevals-Open"]
[Site "Solingen"]
[Date "2015.02.13"]
[Round "1.26"]
[White "Große-Hering, Peter"]
[Black "Kroo, Julian"]
[Result "1-0"]
[WhiteElo "1944"]
[BlackElo "1644"]
[PlyCount "97"]
[EventDate "2015.??.??"]
[WhiteTeam "SV Horst-Emscher"]
[BlackTeam "SV Turm Drolshagen"]

1. Nf3 Nf6 2. g3 e6 3. Bg2 Be7 4. d3 d5 5. O-O O-O 6. Nbd2 Nbd7 7. e4 c5 8. Re1
Qc7 9. e5 Ne8 10. Nf1 f6 11. exf6 Ndxf6 12. Bh3 e5 13. Bxc8 Rxc8 14. Nxe5 Bd6
15. Qe2 Nd7 16. Bf4 Bxe5 17. Bxe5 Nxe5 18. Qxe5 Qf7 19. f4 Nc7 20. Qe7 Qg6 21.
Qxc5 Rxf4 22. Re7 b6 23. Qe3 Rff8 24. Re1 Rce8 25. Qd4 Rxe7 26. Rxe7 Ne6 27.
Qe5 Ng5 28. Nd2 Qh6 29. Re8 Nh3+ 30. Kg2 Qxd2+ 31. Kxh3 Qh6+ 32. Kg2 Qd2+ 33.
Qe2 Qxe2+ 34. Rxe2 d4 35. c3 dxc3 36. bxc3 Rd8 37. d4 Rc8 38. Re3 Kf7 39. Kf3
Rc4 40. Ke4 b5 41. Kd3 Rc6 42. d5 Rf6 43. Re2 Rf1 44. Kd4 Rd1+ 45. Kc5 Rc1 46.
Re3 Rc2 47. d6 Rxa2 48. d7 Rd2 49. Kc6 1-0